Вакцины и вакцинация (Запись № 10236467)
[ простой вид ]
| 000 -МАРКЕР | |
|---|---|
| контрольное поле | 02218nam0a2200385 i 4500 |
| 001 - ИДЕНТИФИКАТОР ЗАПИСИ | |
| контрольное поле | RU\NLR\BIBL_A\010199575 |
| 005 - ИДЕНТИФИКАТОР ВЕРСИИ | |
| контрольное поле | 20260408081024.0 |
| 010 ## - МЕЖДУНАРОДНЫЙ СТАНДАРТНЫЙ НОМЕР КНИГИ (ISBN) | |
| Номер (ISBN) | 9785970428665 |
| Тираж | 1500 |
| 021 ## - НОМЕР ГОСУДАРСТВЕННОЙ РЕГИСТРАЦИИ | |
| Код страны | российская федерация |
| Номер | 2013-105700 |
| Номер Листа государственной регистраци | 7346 |
| 035 ## - ДРУГИЕ СИСТЕМНЫЕ НОМЕРА | |
| Идентификатор записи | (NILC)RuMoRGB-006720010 |
| 035 ## - ДРУГИЕ СИСТЕМНЫЕ НОМЕРА | |
| Идентификатор записи | (NLR Aleph) 010199575 |
| 100 ## - ДАННЫЕ ОБЩЕЙ ОБРАБОТКИ | |
| Данные общей обработки | 20140303d2014 km y0rusy50 ca |
| 101 0# - ЯЗЫК РЕСУРСА | |
| Язык текста, звукозаписи и т.д. | русский |
| 102 ## - СТРАНА ПУБЛИКАЦИИ ИЛИ ПРОИЗВОДСТВА | |
| Страна публикации | российская федерация |
| 105 ## - ПОЛЕ КОДИРОВАННЫХ ДАННЫХ: ТЕКСТОВЫЕ МАТЕРИАЛЫ, МОНОГРАФИЧЕСКИЕ | |
| Кодированные данные о монографическом текстовом документе | a|||z||||01yy |
| 200 1# - ЗАГЛАВИЕ И СВЕДЕНИЯ ОБ ОТВЕТСТВЕННОСТИ | |
| Основное заглавие | Вакцины и вакцинация |
| Сведения, относящиеся к заглавию | национальное руководство |
| -- | краткое издание |
| Первые сведения об ответственности | Ассоциация мед. о-в по качеству (АСМОК), [Всероссийское науч.-практическое о-во эпидемиологов, микробиологов и паразитологов |
| Последующие сведения об ответственности | Аксенова Валентина Александровна - чл.-корр. РАЕН, д.м.н., проф. и др.] |
| -- | под ред. В. В. Зверева, Р. М. Хаитова |
| 210 ## - ПУБЛИКАЦИЯ, РАСПРОСТРАНЕНИЕ И ДР. | |
| Место издания, распространения и т.д. | Москва |
| Имя издателя, распространителя и т. д. | ГЭОТАР-Медиа |
| Дата издания, распространения и т.д. | 2014 |
| 215 ## - ФИЗИЧЕСКАЯ ХАРАКТЕРИСТИКА | |
| Специфическое обозначение материала и объем | 636 с., [8] л. цв. ил. |
| Размеры | 19 |
| 320 ## - ПРИМЕЧАНИЯ О НАЛИЧИИ В ДОКУМЕНТЕ БИБЛИОГРАФИИ / УКАЗАТЕЛЯ | |
| Текст примечания | Предм. указ.: с. 631-636 |
| 606 ## - НАИМЕНОВАНИЕ ТЕМЫ КАК ПРЕДМЕТ | |
| Наименование темы | Вакцины |
| Формальный подзаголовок | Руководства, пособия и т.п |
| Системный номер авторитетной/нормативной записи | 908565 |
| Идентификатор авторитетной/нормативной записи | RU\NLR\AUTH\6611714 |
| 606 1# - НАИМЕНОВАНИЕ ТЕМЫ КАК ПРЕДМЕТ | |
| Наименование темы | Вакцинация |
| Формальный подзаголовок | Руководства, пособия и т.п |
| Системный номер авторитетной/нормативной записи | 1578842 |
| Идентификатор авторитетной/нормативной записи | RU\NLR\AUTH\66692653 |
| 675 ## - УНИВЕРСАЛЬНАЯ ДЕСЯТИЧНАЯ КЛАССИФИКАЦИЯ (UDC/УДК) | |
| Индекс | 615.374 |
| 686 1# - ИНДЕКСЫ ДРУГИХ КЛАССИФИКАЦИЙ | |
| Индекс | Р266.91я77 |
| 686 1# - ИНДЕКСЫ ДРУГИХ КЛАССИФИКАЦИЙ | |
| Индекс | Р193.95я77 |
| 702 #1 - ИМЯ ЛИЦА - ВТОРИЧНАЯ ОТВЕТСТВЕННОСТЬ | |
| Начальный элемент ввода | Аксенова |
| Часть имени, кроме начального элемента ввода | В. А. |
| Расширение инициалов личного имени | Валентина Александровна |
| Код отношения | Составитель |
| 702 #1 - ИМЯ ЛИЦА - ВТОРИЧНАЯ ОТВЕТСТВЕННОСТЬ | |
| Код отношения | Редактор |
| Материалы, к которым относится поле | rus |
| Графика поля | Кириллица |
| Начальный элемент ввода | Зверев |
| Часть имени, кроме начального элемента ввода | В. В. |
| Даты | 1952- |
| Дополнения к именам, кроме дат | д-р биол. наук |
| Расширение инициалов личного имени | Виталий Васильевич |
| Идентификатор авторитетной/нормативной записи | RU\NLR\AUTH\7721332 |
| Системный номер авторитетной/нормативной записи | 4394 |
| 712 02 - НАИМЕНОВАНИЕ ОРГАНИЗАЦИИ - ВТОРИЧНАЯ ОТВЕТСТВЕННОСТЬ | |
| Код отношения | Прочие |
| Начальный элемент ввода | Ассоциация медицинских обществ по качеству |
| Идентифицирующий признак | Российская Федерация |
| Идентификатор авторитетной/нормативной записи | RU\NLR\AUTH\8810109849 |
| Системный номер авторитетной/нормативной записи | 719732 |
| 712 02 - НАИМЕНОВАНИЕ ОРГАНИЗАЦИИ - ВТОРИЧНАЯ ОТВЕТСТВЕННОСТЬ | |
| Код отношения | Прочие |
| Начальный элемент ввода | Всероссийское научное общество микробиологов, эпидемиологов и паразитологов |
| Идентификатор авторитетной/нормативной записи | RU\NLR\AUTH\8819312 |
| Системный номер авторитетной/нормативной записи | 311999 |
| 801 #0 - ИСТОЧНИК ЗАПИСИ | |
| Страна | российская федерация |
| Организация | RuMoRKP |
| Дата составления | 20131230 |
| Правила каталогизации | RCR |
| 801 #2 - ИСТОЧНИК ЗАПИСИ | |
| Страна | российская федерация |
| Организация | РГБ |
| Дата составления | 20140120 |
| Правила каталогизации | rcr |
| 942 ## - ДОПОЛНИТЕЛЬНЫЕ ЭЛЕМЕНТЫ ЗАПИСИ (АБИС) | |
| Тип экземпляра АБИС | Книга |
| 980 ## - КОЛЛЕКЦИЯ | |
| Название коллекции | НБР |
Нет доступных экземпляров.